APEC Schools

Poems by Adam Lindsay Gordon / (Record no. 2402)

000 -LEADER
fixed length control field 00648cam a22002173a 4500
005 - DATE AND TIME OF LATEST TRANSACTION
control field 20180413083651.0
008 - FIXED-LENGTH DATA ELEMENTS--GENERAL INFORMATION
fixed length control field 080629s2008||||xxu|||||s|||||000 p eng d
040 ## - CATALOGING SOURCE
Transcribing Agency APEC Schools Library
Description Conventions rda
041 ## - LANGUAGE CODE
Language code of text/sound track or separate title eng
100 1# - CREATOR
Preferred Name of the Person Clarke, Marcus Andrew Hislop,
Dates Associated with the Person 1846-1881
245 10 - TITLE AND STATEMENT OF RESPONSIBILITY
Preferred Title Proper Poems by Adam Lindsay Gordon /
Statement of Responsibility/Parallel Statement of Responsibility Marcus Andrew Hislop Clarke
336 ## - RDA CONTENT
Source rdacontent
Content Type text
337 ## - RDA MEDIA
Source rdamedia
Media Type computer
338 ## - RDA CARRIER
Source rdacarrier
Carrier Type online resource
506 ## - RESTRICTIONS ON ACCESS NOTE
Restriction on Access Note Public domain in the USA.
516 ## - TYPE OF COMPUTER FILE OR DATA NOTE
Type of computer file or data note Text
653 ## - INDEX TERM--UNCONTROLLED
Uncontrolled term Australia -- Poetry
653 ## - INDEX TERM--UNCONTROLLED
Uncontrolled term Gordon, Adam Lindsay, 1833-1870
655 ## - GENRE
Genre/form data or focus term electronic books
856 40 - ELECTRONIC LOCATION AND ACCESS
Uniform Resource Identifier https://goo.gl/v8tbke
942 ## - ADDED ENTRY ELEMENTS (KOHA)
Source of Classification
Koha Item Type E-book/Online Resources
Holdings
Status Library Full Classification Number Uniform Resource Identifier Koha Item Type
Available Online APEC Chain of Schools Library APEC Chain https://goo.gl/v8tbke E-book/Online Resources

Powered by Koha